| 000 | 00771nam a2200277 a 4500 | ||
|---|---|---|---|
| 001 | 59449 | ||
| 003 | BD-RjUL | ||
| 005 | 20211209080731.0 | ||
| 008 | 780130s1978 nyu b 001 0 eng | ||
| 020 | _a0444990453 | ||
| 020 | _a0444990518 | ||
| 035 | _a(BD-RjUL)59573 | ||
| 040 |
_aBD-RjUL _cBD-RjUL _dBD-RjUL _beng |
||
| 041 | _aeng | ||
| 082 |
_223 _a301 _bVAM 1978 |
||
| 100 | 1 |
_aVan den Berghe, Pierre L. _9170664 |
|
| 245 | 1 | 0 |
_aMan in society : _ba biosocial view / _cPierre L. van den Berghe. |
| 250 | _a2d ed. | ||
| 260 |
_aNew York : _bElsevier, _c1978. |
||
| 300 |
_axiv, 349 p. ; _c24 cm. |
||
| 500 | _aIncludes index. | ||
| 504 | _aBibliography: p. 325-335. | ||
| 650 | 0 |
_aSociology. _9170250 |
|
| 650 | 0 |
_aSocial sciences. _9171029 |
|
| 942 |
_2ddc _cBK |
||
| 999 |
_c59449 _d59449 |
||